Library Banner

Lehninger principles of biochemistry / (Record no. 125123)

MARC details
000 -LEADER
fixed length control field 00662nam a2200241Ia 4500
001 - CONTROL NUMBER
control field 69094
005 - DATE AND TIME OF LATEST TRANSACTION
control field 20211224101806.0
008 - FIXED-LENGTH DATA ELEMENTS--GENERAL INFORMATION
fixed length control field 151103s9999||||xx |||||||||||||| ||und||
020 ## - INTERNATIONAL STANDARD BOOK NUMBER
International Standard Book Number 9781319381493
040 ## - CATALOGING SOURCE
Transcribing agency PK-LaUMT
082 ## - DEWEY DECIMAL CLASSIFICATION NUMBER
Classification number 612.1111
Item number NEL-L
100 ## - MAIN ENTRY--PERSONAL NAME
Personal name Nelson, David L.
245 ## - TITLE STATEMENT
Title Lehninger principles of biochemistry /
Statement of responsibility, etc by David L. Nelson, Michael M. Cox and Aaron A. Hoskins
250 ## - EDITION STATEMENT
Edition statement 8th ed.
260 ## - PUBLICATION, DISTRIBUTION, ETC. (IMPRINT)
Place of publication, distribution, etc New York,USA:
Name of publisher, distributor, etc Macmillian Learniong,
Date of publication, distribution, etc 2021
300 ## - PHYSICAL DESCRIPTION
Extent 1096 p.
546 ## - LANGUAGE NOTE
Language note EN
650 ## - SUBJECT ADDED ENTRY--TOPICAL TERM
Topical term or geographic name as entry element Biochemistry
650 ## - SUBJECT ADDED ENTRY--TOPICAL TERM
Topical term or geographic name as entry element Hemoglobins
650 ## - SUBJECT ADDED ENTRY--TOPICAL TERM
Topical term or geographic name as entry element Hemoglobin-Structure
700 ## - ADDED ENTRY--PERSONAL NAME
Personal name Cox, Michael M.
942 ## - ADDED ENTRY ELEMENTS (KOHA)
Koha item type Books
Holdings
Withdrawn status Lost status Damaged status Home library Current library Date acquired Full call number Barcode Date last seen Price effective from Koha item type Copy number
      UMT Health Sciences Campus UMT Health Sciences Campus 2021-12-24 612.1111 NEL-L 140386 2022-05-11 2021-12-24 Books  
      UMT Health Sciences Campus UMT Health Sciences Campus 2021-12-24 612.1111 NEL-L 140387 2025-11-10 2021-12-24 Books C.2
      UMT Health Sciences Campus UMT Health Sciences Campus 2021-12-24 612.1111 NEL-L 140388 2023-02-13 2021-12-24 Books C.3
      UMT Health Sciences Campus UMT Health Sciences Campus 2021-12-24 612.1111 NEL-L 140389 2025-01-11 2021-12-24 Books C.4
      UMT Health Sciences Campus UMT Health Sciences Campus 2021-12-24 612.1111 NEL-L 140390 2025-01-10 2021-12-24 Books C.5